| 000 | 00559nam a22001937a 4500 | ||
|---|---|---|---|
| 003 | koha_MIRAKIL | ||
| 005 | 20231213100404.0 | ||
| 008 | 231213b |||||||| |||| 00| 0 ||| d | ||
| 020 | _b978-6-05-841951-3 | ||
| 040 |
_aTR-IsEVY _btur _cTR-IsEVY |
||
| 082 | _a920 ÇİZ | ||
| 100 | _ayayın danışmanı Mustafa Arslantunalı. | ||
| 245 | 0 | _aÇizgilerle kültürümüzün yapı taşları | |
| 260 |
_bGölgeler Kitap , _c2015 |
||
| 300 | _a120 s. | ||
| 650 | _aBiyografi. | ||
| 650 | _aEvliya Çelebi -- Ali Kuşçu -- Mimar Sinan. | ||
| 942 |
_2ddc _cBK |
||
| 999 |
_c19166 _d19166 |
||